| 000 | 00702nam a2200145 a 4500 | ||
|---|---|---|---|
| 008 | 120416s1965 ||||||||||||||||| || u | ||
| 050 | _aZ 711 Sto | ||
| 100 | _aStokes, Roy | ||
| 245 | 1 | 0 | _aBibliographical control and service |
| 260 |
_aLondon _bAndre Deutsch _c1965 |
||
| 300 | _a[9], 125p. | ||
| 350 | _a0.00 | ||
| 995 |
_aANNEX COLLECTION (Main Library) _D0.00 _e717552 _FCBU-MAIN LIBRARY (Kitwe) _H2 _I7.95 _jZ 711 Sto _M2 _UAVAILABLE _y017036 _ZAnnex Low-Usage Collection |
||
| 995 |
_aANNEX COLLECTION (Main Library) _D0.00 _e717551 _FCBU-MAIN LIBRARY (Kitwe) _H1 _I7.95 _jZ 711 Sto _M1 _UAVAILABLE _y017040 _ZAnnex Low-Usage Collection=952 \\ _a001 _b001 _y002 _2lcc _oQP 514.2 Cun _p015062 _cAnnex Low-Usage Collection |
||
| 999 |
_c81100 _d81100 |
||